000 00741nam a2200241Ia 4500
003 OSt
005 20221005031958.0
006 a|||||r|||| 00| 0
007 ta
008 221004b |||||||| |||| 00| 0 tam d
024 _a63714
037 _cTextual
040 _aCRL
_cCRL
_btam
041 _2tam
_atam
082 _aQ23:417x93:g, 31K2
100 _aVidvan. Paaloor. Kannappa Muthaliyar Cm.
_9584593
245 0 _aNakkeera Devar Iyatia Thiru Iinkoimalai Elupathu
_b (Uri Vilakkam)
260 _aChennai
_bTamil Puthakalayam India
_c1962
300 _a156p.
_ccm.
650 _aRELIGION
942 _hQ23:417x93:g, 31K2
_cTEXL
_2cc
999 _c938824
_d938824